Verita eterne esposte in lezioni (Record no. 8487)

MARC details
000 -CABECERA
campo de control de longitud fija 00761nam a2200205 a 4500
001 - NÚMERO DE CONTROL
campo de control BRCA_8836
005 - FECHA Y HORA DE LA ÚLTIMA TRANSACCIÓN
campo de control 20190320210430.0
008 - DATOS DE LONGITUD FIJA--INFORMACIÓN GENERAL
campo de control de longitud fija 050517s--------it-#######---#000-0#it--#
041 ## - CÓDIGO DE LENGUA
Código de lengua del texto/banda sonora o título independiente ita
044 ## - CÓDIGO DEL PAÍS DE LA ENTIDAD EDITORA/PRODUCTORA
Código MARC del país it
084 ## - OTRO NÚMERO DE CLASIFICACIÓN
Número de clasificación BE217
Número de documento/Ítem .R67
100 1# - ENTRADA PRINCIPAL--NOMBRE DE PERSONA
Nombre de persona Rosignoli, Carlo Gregorio
9 (RLIN) 22018
245 10 - MENCIÓN DE TÍTULO
Título Verita eterne esposte in lezioni
Resto del título ordinate principalmente per li giorno degli E sercizj spirituali
Mención de responsabilidad, etc. raccolte dal P. Carlo Gregorio Rosignolo, de lla compagnia de Giesú.
260 ## - PUBLICACIÓN, DISTRIBUCIÓN, ETC.
Lugar de publicación, distribución, etc. Venezia, et in Bassano
Nombre del editor, distribuidor, etc. Per Gio: Antonio Remondini
500 ## - NOTA GENERAL
Nota general Con licenza de superiori
500 ## - NOTA GENERAL
Nota general Estado físico: presenta ecnuadernación en pergamino con cintas totas y presencia del pez de plata
650 14 - PUNTO DE ACCESO ADICIONAL DE MATERIA--TÉRMINO DE MATERIA
Término de materia o nombre geográfico como elemento de entrada Meditación
9 (RLIN) 22019
902 ## - CATALOGADOR
Iniciales CFM
942 ## - ELEMENTOS DE PUNTO DE ACCESO ADICIONAL (KOHA)
Fuente del sistema de clasificación o colocación Library of Congress Classification
Tipo de ítem Koha Libros
Holdings
Estado de retiro Estado de pérdida Estado dañado No para préstamo Localización permanente Ubicación/localización actual Fecha de adquisición Total de préstamos Signatura topográfica completa Código de barras Fecha visto por última vez Precio válido a partir de Tipo de ítem Koha
El ejemplar forma parte de la colección y puede ser consultado según las políticas vigentes.       Biblioteca del Museo Franz Mayer (Rogerio Casas-Alatriste) Biblioteca del Museo Franz Mayer (Rogerio Casas-Alatriste) 05/05/2017   BE217 .R67 CFM00163 22/03/2019 22/03/2019 Libros